|
|
|
|
| LEADER |
00659cam a2200193 7i4500 |
| 001 |
0000026307 |
| 005 |
20110524090000.0 |
| 020 |
0 |
0 |
|a 9781849801249
|
| 090 |
0 |
0 |
|a B 338.095
|b COM
|
| 245 |
0 |
0 |
|a Competitiveness of the ASEAN countries :
|b corporate and regulatory drivers.
|
| 260 |
0 |
0 |
|a Glos:
|b Edward Elgar Publishing,
|c 2010.
|
| 300 |
# |
# |
|a 315 p.
|
| 650 |
0 |
0 |
|a ASEAN
|
| 650 |
0 |
0 |
|a Competition --
|z Southeast Asia
|
| 650 |
0 |
0 |
|a Southeast Asia --
|x Economic integration
|
| 650 |
0 |
0 |
|a Southeast Asia --
|x Economic integration --
|x 21st century
|
| 700 |
1 |
1 |
|a Gugler,
|h Philippe
|
| 700 |
1 |
1 |
|a Chaisse,
|h Julien
|
| 999 |
|
|
|a B000028411
|b Book
|c Book
|e Business Information Centre
|